banner koha

Recomendacoes de inseticidas para utilizacao no programa de manejo de pragas da soja - safra 1979/80 [Glycine max] (Registro n. 269378)

MARC details
000 -LÍDER
campo de controle de tamanho fixo 00928nac a22002777a 4500
001 - NÚMERO DE CONTROLE
campo de controle BR7903642
003 - IDENTIFICADOR DO NÚMERO DE CONTROLE
campo de controle BR-BrBNA
005 - DATA E HORÁRIO DA ÚLTIMA TRANSAÇÃO
campo de controle 20240105114436.0
008 - CAMPO DE DADOS FIXOS--INFORMAÇÃO GERAL
campo de controle de tamanho fixo 230509b bl.|||m| |||| 00| 0 por d
040 ## - FONTE DA CATALOGAÇÃO
Instituição da catalogação original BR-BrBNA
Idioma da catalogação por
Instituição que transcreveu o registro Biblioteca Nacional de Agricultura
072 ## - CÓDIGO DE CATEGORIA DE ASSUNTO
Código de Categoria de Assunto H10
090 ## - NÚMERO DE CHAMADA LOCAL
Número de chamada 0336 BR7903642
100 1# - ENTRADA PRINCIPAL--NOME PESSOAL
Nome pessoal Gazzoni, D.L.
100 1# - ENTRADA PRINCIPAL--NOME PESSOAL
Nome pessoal Oliveira, E.B. de
110 1# - ENTRADA PRINCIPAL--NOME CORPORATIVO
Nome corporativo ou nome da jurisdição Centro Nacional de Pesquisa de Soja, Londrina, PR (Brasil)
9 (RLIN) 1793
245 1# - TÍTULO
Título Recomendacoes de inseticidas para utilizacao no programa de manejo de pragas da soja - safra 1979/80 [Glycine max]
260 3# - PUBLICAÇÃO, DISTRIBUIÇÃO, ETC.
Local de publicação, distribuição, etc. Londrina, PR (Brasil):
Data da publicação, distribuição, etc. 1979.
300 ## - DESCRIÇÃO FÍSICA
Extensão 13 p.
490 ## - TÍTULO DA SÉRIE
Título da série Comunicado Tecnico - Centro Nacional de Pesquisa de Soja (Brazil)
Número do volume ou designação sequencial da série no. 2
ISSN - International Standard Serial Number
650 ## - ASSUNTO--TERMO TÓPICO
Cabeçalho tópico ou nome geográfico SOJA
650 ## - ASSUNTO--TERMO TÓPICO
Cabeçalho tópico ou nome geográfico INSETICIDA
650 ## - ASSUNTO--TERMO TÓPICO
Cabeçalho tópico ou nome geográfico CONTROLE QUIMICO
650 ## - ASSUNTO--TERMO TÓPICO
Cabeçalho tópico ou nome geográfico EFEITO RESIDUAL
909 ## -
-- 202312
-- Lúcia Elande
-- 55
-- Lúcia Elande
942 ## - ELEMENTOS DE ENTRADA ADICIONADOS (KOHA)
Fonte da classificação ou esquema de arquivamento na estante Classificação AGRIS
Ocultar no OPAC Não
Tipo de material Koha Monografia Seriada
Exemplares
Situação do descarte Fonte da classificação ou esquema de arquivamento na estante Situação física Não pode ser emprestado Coleção Biblioteca de origem Biblioteca atual Localização na estante Total de empréstimos Número de telefone completo Código de barras Data de último acesso Tipo de material Koha Fonte de aquisição
  Classificação AGRIS       Biblioteca Nacional de Agricultura - Binagri Biblioteca Nacional de Agricultura - Binagri Agrobase - Acervo Geral   0336 BR7903642 0336 BR7903642 18/12/2023 Monografia Seriada Portaria Interministerial nº 164/94

BINAGRI

Telefone: (61)3218-2567/2388/3357/2097 - binagri@agro.gov.br

Ministério da Agricultura e Pecuária , Esplanada dos Ministérios, Bloco D, Anexo B, Brasília/DF, CEP: 70.043-900